• 首页
  • 本馆介绍
  • 公告通知
  • 最新文献
  • 馆藏检索
  • 电子资源
  • 读者导购
  • 参考咨询
  • 我的图书馆
  • 登录
  • 详细信息显示
  • 放入我的书架
  • 预约/预借图书
  • 作者相关作品
  • 分类相关作品
  • 丛书相关作品
  • 出版社相关作品

书目信息

  • 表格格式
  • 工作单格式
  • 卡片格式
题名:
小说面面观
    
 
作者: 福斯特 著 ;冯涛 译
分册:  
出版信息: 上海   上海译文出版社有限公司  2019.05
页数: 16, 242页
开本: 19cm
丛书名:
单 册:
中图分类: I561.074
科图分类:
主题词: 小说评论--英国--现代
电子资源:
ISBN: 978-7-5327-8115-7
000 01173nam0 2200265 450
001 0102100410
005 20210402100818.0
010    @a978-7-5327-8115-7@b精装@dCNY39.00
100    @a20190717e20202019em y0chiy50 ea
101 1  @achi@ceng
102    @aCN@b310000
105    @aa z 000yy
106    @ar
200 1  @a小说面面观@Axiao shuo mian mian guan@dAspects of the novel@f(英)E·M. 福斯特(E.M. Forster)著@g冯涛译@zeng
210    @a上海@c上海译文出版社有限公司@d2019.05@h2020.06
215    @a16, 242页@c图@d19cm
300    @a译文经典
330    @a本书原是作者一九二七年应母校剑桥大学“克拉克讲座”之请所作的系列演讲,系统并深入地讲解和论述了长篇小说这个文学门类的取材、内容与艺术形式等诸方面的问题。作者将小说的艺术分为故事、人物、情节、幻想、预言、模式与节奏等七个方面,由浅入深、由易入难地进行讲解和分析,以自己小说大师的切身创作体验去体贴和关照小说史上的众多名家与名著。
510 1  @aAspects of the novel@zeng
606 0  @a小说评论@y英国@z现代
690    @aI561.074@v5
701  0 @c(英)@a福斯特@Afu si te@c(Forster, Edward Morgan@f1879-1971)@4著
702  0 @a冯涛@Afeng tao@4译
801  0 @aCN@bBJSZM@c20210402
905    @b1274200-4@dI561.074@e1186@f5
    
    小说面面观=Aspects of the novel/(英)E·M. 福斯特(E.M. Forster)著/冯涛译.-上海:上海译文出版社有限公司,2019.05(2020.06)
    16, 242页:图;19cm
    译文经典
    
    ISBN 978-7-5327-8115-7(精装):CNY39.00
    本书原是作者一九二七年应母校剑桥大学“克拉克讲座”之请所作的系列演讲,系统并深入地讲解和论述了长篇小说这个文学门类的取材、内容与艺术形式等诸方面的问题。作者将小说的艺术分为故事、人物、情节、幻想、预言、模式与节奏等七个方面,由浅入深、由易入难地进行讲解和分析,以自己小说大师的切身创作体验去体贴和关照小说史上的众多名家与名著。
●
相关链接 在E读中查询图书 在五车中查询图书 在当当中查询图书 在豆瓣中查询图书


正题名:小说面面观     索取号:I561.074/1186         预约/预借

序号 登录号 条形码 馆藏地/架位号 状态 备注
1 1274200   212742004   第一样本阅览室/ [索取号:I561.074/1186] 在馆    
2 1274201   212742013   教育系资料室/ [索取号:I561.074/1186] 在馆    
3 1274202   212742022   教育系资料室/ [索取号:I561.074/1186] 在馆    
4 1274203   212742031   第二借阅区/ [索取号:I561.074/1186] 在馆    
5 1274204   212742040   第二借阅区/ [索取号:I561.074/1186] 在馆    
唐山师范学院图书馆 欢迎您!
大连网信软件有限公司© 版权所有